| 000 | 00901nam a22002897a 4500 | ||
|---|---|---|---|
| 003 | CHAP | ||
| 005 | 20220329134947.0 | ||
| 008 | 971013s1968 r 00010 d | ||
| 010 | _a28707 | ||
| 011 | _a29679 | ||
| 035 | _a33790 | ||
| 040 | _cCHAP | ||
| 082 |
_a510.28 _bK6 |
||
| 100 | 0 | 0 |
_aKorevaar, Jacob. _963734 |
| 245 | _aMathematical methods | ||
| 260 |
_aNew York : _bAcademic Press, _c1968- |
||
| 300 | _av. | ||
| 500 | _aLa bilioteca tiene : v.1 Linear algebra, normed spaces, distributions, integrations | ||
| 590 |
_aBATCH-UPD _b10 _c20130110 _lUCH01 _h2148 |
||
| 590 |
_aBATCH-UPD _b10 _c20130410 _lUCH01 _h1456 |
||
| 590 |
_aBATCH-UPD _b10 _c20130914 _lUCH01 _h1803 |
||
| 590 |
_aCONVERSION _b10 _c20130109 _lUCH01 _h1316 |
||
| 650 | 1 | 4 |
_aMatemáticas _xMetodología. _972908 |
| 901 | _aBK | ||
| 942 | _cLIBRO | ||
| 949 |
_a510.28 K6 _bBC _cLIBRO _d33724000412714 _eLIBRO _fv.1 _h1972 _i33790 _si |
||
| 999 |
_c28707 _d28707 |
||